Score 0/17 Timer 02:00
0 Plays Today
'Le' Name 'Le' Answer % Correct
___________ DiCaprioLeonardo
99.1%
Robert E. ____Lee
88.6%
Jay _____Leno
86.6%
C.S. ______Lewis
82.8%
_______ JamesLeBron
78.7%
Vladimir ______Lenin
70.4%
____ EricsonLeif
67.5%
Annie _______Lennox
66.4%
_____ ReminiLeah
58.6%
'Le' Name 'Le' Answer % Correct
_____ DunhamLena
52.8%
_______ MannLeslie
46.3%
______ HoltLester
38.1%
________ MeesterLeighton
36.6%
________ JenkinsLeeroy
29.6%
Zachary ____Levi
29%
_________ GreenleafLegolas
28%
Johann Georg ________ MozartLeopold
15.2%

Today's Daily Dose

Remove Ads.
Support Sporcle.
Get the best of Sporcle when you Go Orange. This ad-free experience offers more features, more stats, and more fun while also helping to support Sporcle. Thank you for becoming a member.

You're not logged in!

Compare scores with friends on all Sporcle quizzes.
OR
Log In

Show Comments

Extras

Top Quizzes Today


Score Distribution

Your Account Isn't Verified!

In order to create a playlist on Sporcle, you need to verify the email address you used during registration. Go to your Sporcle Settings to finish the process.

Report this User

Report this user for behavior that violates our Community Guidelines.

Details: